[Event "Benidorm Satellite preliminary"]
[Site "playchess.com #007036"]
[Date "2009.10.24"]
[Round "6"]
[White "Plamínek"]
[Black "Sff3"]
[Result "1-0"]
[WhiteElo "2086"]
[BlackElo "1707"]
[PlyCount "93"]
[EventDate "2009.10.24"]
[EventType "swiss (blitz)"]

1. e4 {[%emt 0:00:04]} d5 {[%emt 0:00:01]} 2. Nc3 {[%emt 0:00:02]} dxe4 {[%emt
0:00:02]} 3. Nxe4 {[%emt 0:00:02]} Nf6 {[%emt 0:00:00]} 4. Nxf6+ {[%emt 0:00:
08]} exf6 {[%emt 0:00:00]} 5. Nf3 {[%emt 0:00:01]} Bd6 {[%emt 0:00:01]} 6. d4 {
[%emt 0:00:02]} O-O {[%emt 0:00:00]} 7. Be2 {[%emt 0:00:01]} Re8 {[%emt 0:00:
01]} 8. O-O {[%emt 0:00:01]} Nd7 {[%emt 0:00:02]} 9. h3 {[%emt 0:00:02]} Nf8 {
[%emt 0:00:01]} 10. Bd3 {[%emt 0:00:02]} Ng6 {[%emt 0:00:02]} 11. c3 {[%emt 0:
00:01]} Nf4 {[%emt 0:00:01]} 12. Bxf4 {[%emt 0:00:02]} Bxf4 {[%emt 0:00:01]}
13. Qc2 {[%emt 0:00:01]} h6 {[%emt 0:00:02]} 14. Rae1 {[%emt 0:00:02]} b6 {
[%emt 0:00:06]} 15. Be4 {[%emt 0:00:09]} Rb8 {[%emt 0:00:01]} 16. Bc6 {[%emt 0:
00:01]} Re7 {[%emt 0:00:04]} 17. Rxe7 {[%emt 0:00:04]} Qxe7 {[%emt 0:00:01]}
18. Re1 {[%emt 0:00:01]} Qd8 {[%emt 0:00:22]} 19. Re8+ {[%emt 0:00:05]} Qxe8 {
[%emt 0:00:02]} 20. Bxe8 {[%emt 0:00:01]} Be6 {[%emt 0:00:02]} 21. Bc6 {[%emt
0:00:04]} Bd6 {[%emt 0:00:02]} 22. d5 {[%emt 0:00:04]} Bc8 {[%emt 0:00:02]} 23.
Qe2 {[%emt 0:00:06]} Bf5 {[%emt 0:00:04]} 24. g4 {[%emt 0:00:03]} Bg6 {[%emt 0:
00:02]} 25. Nh4 {[%emt 0:00:02]} Bh7 {[%emt 0:00:08]} 26. Nf5 {[%emt 0:00:04]}
Bxf5 {[%emt 0:00:01]} 27. gxf5 {[%emt 0:00:01]} a5 {[%emt 0:00:00]} 28. a4 {
[%emt 0:00:02]} Be5 {[%emt 0:00:06]} 29. Qa6 {[%emt 0:00:04]} Rd8 {[%emt 0:00:
08]} 30. Qb7 {[%emt 0:00:03]} Bd6 {[%emt 0:00:02]} 31. Qa6 {[%emt 0:00:03]} Kh7
{[%emt 0:00:03]} 32. Qb5 {[%emt 0:00:02]} Rf8 {[%emt 0:00:02]} 33. b4 {[%emt 0:
00:01]} axb4 {[%emt 0:00:01]} 34. cxb4 {[%emt 0:00:01]} g6 {[%emt 0:00:09]} 35.
a5 {[%emt 0:00:01]} gxf5 {[%emt 0:00:06]} 36. a6 {[%emt 0:00:02]} Rg8+ {[%emt
0:00:02]} 37. Kf1 {[%emt 0:00:01]} Rg5 {[%emt 0:00:10]} 38. a7 {[%emt 0:00:03]}
f4 {[%emt 0:00:01]} 39. a8=Q {[%emt 0:00:03]} Re5 {[%emt 0:00:00]} 40. Qd3+ {
[%emt 0:00:06]} f5 {[%emt 0:00:02]} 41. Qc8 {[%emt 0:00:03]} Kg6 {[%emt 0:00:
06]} 42. Bd7 {[%emt 0:00:03]} Kh5 {[%emt 0:00:02]} 43. Bxf5 {[%emt 0:00:02]}
Bxb4 {[%emt 0:00:03]} 44. Qf3+ {[%emt 0:00:02]} Kg5 {[%emt 0:00:02]} 45. Qg4+ {
[%emt 0:00:01]} Kf6 {[%emt 0:00:01]} 46. Qd8+ {[%emt 0:00:03]} Be7 {[%emt 0:00:
02]} 47. Qh8# {[%emt 0:00:02]} 1-0

[Event "Benidorm Satellite preliminary"]
[Site "playchess.com #007036"]
[Date "2009.10.24"]
[Round "6"]
[White "DiabloAmarillo"]
[Black "David Lynch"]
[Result "1-0"]
[WhiteElo "1855"]
[BlackElo "2087"]
[PlyCount "61"]
[EventDate "2009.10.24"]
[EventType "swiss (blitz)"]

1. e4 {[%emt 0:00:01]} c5 {[%emt 0:00:01]} 2. Nf3 {[%emt 0:00:02]} d6 {[%emt 0:
00:00]} 3. d4 {[%emt 0:00:01]} cxd4 {[%emt 0:00:00]} 4. Nxd4 {[%emt 0:00:02]}
Nf6 {[%emt 0:00:00]} 5. Nc3 {[%emt 0:00:02]} a6 {[%emt 0:00:01]} 6. Bg5 {[%emt
0:00:02]} e6 {[%emt 0:00:01]} 7. f4 {[%emt 0:00:02]} Qc7 {[%emt 0:00:00]} 8.
Qf3 {[%emt 0:00:16]} b5 {[%emt 0:00:03]} 9. Bd3 {[%emt 0:00:05]} Be7 {[%emt 0:
00:02]} 10. O-O-O {[%emt 0:00:12]} b4 {[%emt 0:00:02]} 11. Bxf6 {[%emt 0:00:05]
} bxc3 {[%emt 0:00:06]} 12. Bxg7 {[%emt 0:00:05]} cxb2+ {[%emt 0:00:01]} 13.
Kb1 {[%emt 0:00:04]} Rg8 {[%emt 0:00:00]} 14. e5 {[%emt 0:00:04]} Bb7 {[%emt 0:
00:05]} 15. Nxe6 {[%emt 0:00:09]} fxe6 {[%emt 0:00:05]} 16. Qh5+ {[%emt 0:00:
07]} Kd7 {[%emt 0:00:06]} 17. exd6 {[%emt 0:00:04]} Bxd6 {[%emt 0:00:02]} 18.
Qf7+ {[%emt 0:00:08]} Kc6 {[%emt 0:00:05]} 19. Qxg8 {[%emt 0:00:04]} Nd7 {
[%emt 0:00:02]} 20. Be4+ {[%emt 0:00:05]} Kb6 {[%emt 0:00:03]} 21. Qxe6 {[%emt
0:00:04]} Nc5 {[%emt 0:00:04]} 22. Rxd6+ {[%emt 0:00:06]} Ka7 {[%emt 0:00:06]}
23. Rxa6+ {[%emt 0:00:12]} Bxa6 {[%emt 0:00:08]} 24. Bd4 {[%emt 0:00:07]} Rc8 {
[%emt 0:00:01]} 25. Qd5 {[%emt 0:00:07]} Kb6 {[%emt 0:00:08]} 26. Bf5 {[%emt 0:
00:05]} Rf8 {[%emt 0:00:05]} 27. Re1 {[%emt 0:00:05]} Bb7 {[%emt 0:00:06]} 28.
Re6+ {[%emt 0:00:05]} Kb5 {[%emt 0:00:10]} 29. Bd3+ {[%emt 0:00:05]} Kb4 {
[%emt 0:00:01]} 30. Bxc5+ {[%emt 0:00:05]} Qxc5 {[%emt 0:00:01]} 31. Qxb7+ {
[%emt 0:00:10] David Lynch rinde} 1-0

[Event "Benidorm Satellite preliminary"]
[Site "playchess.com #007036"]
[Date "2009.10.24"]
[Round "6"]
[White "Matty_xxx"]
[Black "Enfanterrible"]
[Result "0-1"]
[WhiteElo "2226"]
[BlackElo "2564"]
[PlyCount "52"]
[EventDate "2009.10.24"]
[EventType "swiss (blitz)"]

1. e4 {[%emt 0:00:02]} d5 {[%emt 0:00:04]} 2. exd5 {[%emt 0:00:02]} Qxd5 {
[%emt 0:00:01]} 3. Nc3 {[%emt 0:00:01]} Qa5 {[%emt 0:00:01]} 4. d4 {[%emt 0:00:
01]} Nf6 {[%emt 0:00:01]} 5. Nf3 {[%emt 0:00:01]} Bg4 {[%emt 0:00:01]} 6. h3 {
[%emt 0:00:02]} Bh5 {[%emt 0:00:01]} 7. g4 {[%emt 0:00:02]} Bg6 {[%emt 0:00:01]
} 8. Ne5 {[%emt 0:00:00]} e6 {[%emt 0:00:05]} 9. Nc4 {[%emt 0:00:23]} Qa6 {
[%emt 0:00:01]} 10. Bf4 {[%emt 0:00:01]} Qc6 {[%emt 0:00:08]} 11. Rg1 {[%emt 0:
00:07]} a6 {[%emt 0:00:02]} 12. h4 {[%emt 0:00:17]} h5 {[%emt 0:00:04]} 13. Ne5
{[%emt 0:00:06]} Qb6 {[%emt 0:00:05]} 14. Nxg6 {[%emt 0:00:02]} fxg6 {[%emt 0:
00:05]} 15. Bd3 {[%emt 0:00:01]} Qxb2 {[%emt 0:00:15]} 16. Bxg6+ {[%emt 0:00:
02]} Kd8 {[%emt 0:00:02]} 17. Bd2 {[%emt 0:00:11]} hxg4 {[%emt 0:00:07]} 18.
Rb1 {[%emt 0:00:02]} Qa3 {[%emt 0:00:02]} 19. Rxb7 {[%emt 0:00:02]} Bd6 {[%emt
0:00:09]} 20. Qe2 {[%emt 0:00:10]} Nc6 {[%emt 0:00:01]} 21. Qxe6 {[%emt 0:00:
16]} Nxd4 {[%emt 0:00:06]} 22. Qf7 {[%emt 0:00:01]} Nf3+ {[%emt 0:00:29]} 23.
Kd1 {[%emt 0:00:03]} Nxd2 {[%emt 0:00:07]} 24. Qxg7 {[%emt 0:00:08]} Rf8 {
[%emt 0:00:05]} 25. Rb3 {[%emt 0:00:22]} Nxb3 {[%emt 0:00:03]} 26. cxb3 {[%emt
0:00:02]} Qb2 {[%emt 0:00:09] Matty_xxx gibt auf  (Lag: Av=0.49s, max=1.0s)}
0-1

[Event "Benidorm Satellite preliminary"]
[Site "playchess.com #007036"]
[Date "2009.10.24"]
[Round "6"]
[White "jchess06"]
[Black "Baby Animals"]
[Result "1/2-1/2"]
[WhiteElo "1791"]
[BlackElo "1769"]
[PlyCount "98"]
[EventDate "2009.10.24"]
[EventType "swiss (blitz)"]

1. d4 {[%emt 0:00:01]} d6 {[%emt 0:00:05]} 2. c4 {[%emt 0:00:02]} e6 {[%emt 0:
00:01]} 3. Nc3 {[%emt 0:00:00]} Nf6 {[%emt 0:00:01]} 4. Bg5 {[%emt 0:00:01]}
Be7 {[%emt 0:00:01]} 5. e3 {[%emt 0:00:01]} a6 {[%emt 0:00:01]} 6. Bd3 {[%emt
0:00:02]} c6 {[%emt 0:00:00]} 7. Nf3 {[%emt 0:00:01]} Nbd7 {[%emt 0:00:01]} 8.
O-O {[%emt 0:00:00]} O-O {[%emt 0:00:01]} 9. Qe2 {[%emt 0:00:01]} Ng4 {[%emt 0:
00:03]} 10. Bxe7 {[%emt 0:00:02]} Qxe7 {[%emt 0:00:01]} 11. h3 {[%emt 0:00:00]}
Nh6 {[%emt 0:00:01]} 12. e4 {[%emt 0:00:01]} Nf6 {[%emt 0:00:04]} 13. e5 {
[%emt 0:00:01]} Nh5 {[%emt 0:00:03]} 14. Nd2 {[%emt 0:00:08]} Nf4 {[%emt 0:00:
01]} 15. Qe4 {[%emt 0:00:02]} Nxd3 {[%emt 0:00:07]} 16. Qxd3 {[%emt 0:00:01]}
d5 {[%emt 0:00:02]} 17. f4 {[%emt 0:00:04]} Qh4 {[%emt 0:00:04]} 18. Ne2 {
[%emt 0:00:11]} Nf5 {[%emt 0:00:02]} 19. Nf3 {[%emt 0:00:03]} Qh6 {[%emt 0:00:
04]} 20. g4 {[%emt 0:00:04]} Nh4 {[%emt 0:00:06]} 21. Nxh4 {[%emt 0:00:05]}
Qxh4 {[%emt 0:00:02]} 22. cxd5 {[%emt 0:00:02]} exd5 {[%emt 0:00:01]} 23. Qg3 {
[%emt 0:00:01]} Qxg3+ {[%emt 0:00:04]} 24. Nxg3 {[%emt 0:00:01]} g6 {[%emt 0:
00:02]} 25. f5 {[%emt 0:00:01]} Bd7 {[%emt 0:00:03]} 26. h4 {[%emt 0:00:03]}
Rae8 {[%emt 0:00:02]} 27. h5 {[%emt 0:00:03]} f6 {[%emt 0:00:08]} 28. e6 {
[%emt 0:00:02]} Bc8 {[%emt 0:00:02]} 29. Rae1 {[%emt 0:00:06]} g5 {[%emt 0:00:
03]} 30. Rf2 {[%emt 0:00:04]} h6 {[%emt 0:00:06]} 31. Ne2 {[%emt 0:00:06]} b6 {
[%emt 0:00:03]} 32. Nc1 {[%emt 0:00:02]} Bb7 {[%emt 0:00:01]} 33. Nd3 {[%emt 0:
00:01]} Re7 {[%emt 0:00:02]} 34. b4 {[%emt 0:00:03]} Rc8 {[%emt 0:00:01]} 35.
Rc2 {[%emt 0:00:02]} Kf8 {[%emt 0:00:02]} 36. Nb2 {[%emt 0:00:02]} Rec7 {[%emt
0:00:02]} 37. Na4 {[%emt 0:00:01]} b5 {[%emt 0:00:04]} 38. Nb6 {[%emt 0:00:10]}
Re8 {[%emt 0:00:01]} 39. Nd7+ {[%emt 0:00:01]} Ke7 {[%emt 0:00:03]} 40. Nc5 {
[%emt 0:00:02]} Kd6 {[%emt 0:00:04]} 41. a3 {[%emt 0:00:06]} Bc8 {[%emt 0:00:
07]} 42. Rce2 {[%emt 0:00:03]} Ree7 {[%emt 0:00:02]} 43. Rc1 {[%emt 0:00:10]}
Bb7 {[%emt 0:00:03]} 44. Nb3 {[%emt 0:00:02]} Bc8 {[%emt 0:00:09]} 45. Rec2 {
[%emt 0:00:02]} Bb7 {[%emt 0:00:04]} 46. Na5 {[%emt 0:00:01]} Ba8 {[%emt 0:00:
02]} 47. Nb3 {[%emt 0:00:03]} Bb7 {[%emt 0:00:02]} 48. Nc5 {[%emt 0:00:02]} Bc8
{[%emt 0:00:02]} 49. Nb3 {[%emt 0:00:16]} Bb7 {[%emt 0:00:05]} 1/2-1/2

[Event "Benidorm Satellite preliminary"]
[Site "playchess.com #007036"]
[Date "2009.10.24"]
[Round "6"]
[White "Panosjoydome"]
[Black "Windwolf"]
[Result "0-1"]
[WhiteElo "1748"]
[BlackElo "1801"]
[PlyCount "60"]
[EventDate "2009.10.24"]
[EventType "swiss (blitz)"]

1. e4 {[%emt 0:00:03]} c5 {[%emt 0:00:01]} 2. c3 {[%emt 0:00:03]} d6 {[%emt 0:
00:00]} 3. d3 {[%emt 0:00:02]} e5 {[%emt 0:00:02]} 4. g3 {[%emt 0:00:01]} Nc6 {
[%emt 0:00:09]} 5. Bg2 {[%emt 0:00:00]} f5 {[%emt 0:00:01]} 6. Nd2 {[%emt 0:00:
03]} Nf6 {[%emt 0:00:01]} 7. Ngf3 {[%emt 0:00:04]} Be7 {[%emt 0:00:01]} 8. O-O
{[%emt 0:00:02]} O-O {[%emt 0:00:01]} 9. Nh4 {[%emt 0:00:05]} f4 {[%emt 0:00:
02]} 10. Ndf3 {[%emt 0:00:09]} g5 {[%emt 0:00:10]} 11. Nxg5 {[%emt 0:00:07]}
Ng4 {[%emt 0:00:01]} 12. Ngf3 {[%emt 0:00:18]} Kh8 {[%emt 0:00:02]} 13. h3 {
[%emt 0:00:19]} Nh6 {[%emt 0:00:01]} 14. Kh2 {[%emt 0:00:08]} Rg8 {[%emt 0:00:
05]} 15. gxf4 {[%emt 0:00:20]} Bxh4 {[%emt 0:00:02]} 16. f5 {[%emt 0:00:03]}
Nf7 {[%emt 0:00:03]} 17. Rg1 {[%emt 0:00:10]} Qf6 {[%emt 0:00:02]} 18. Kh1 {
[%emt 0:00:10]} Bd7 {[%emt 0:00:03]} 19. Nh2 {[%emt 0:00:04]} Bxf2 {[%emt 0:00:
03]} 20. Ng4 {[%emt 0:00:01]} Qh4 {[%emt 0:00:02]} 21. Rf1 {[%emt 0:00:07]} Bg3
{[%emt 0:00:02]} 22. Qf3 {[%emt 0:00:13]} Ng5 {[%emt 0:00:02]} 23. Bxg5 {[%emt
0:00:04]} Rxg5 {[%emt 0:00:00]} 24. Nf6 {[%emt 0:00:03]} Be8 {[%emt 0:00:06]}
25. Nxe8 {[%emt 0:00:11]} Rxe8 {[%emt 0:00:01]} 26. f6 {[%emt 0:00:00]} Bf4 {
[%emt 0:00:03]} 27. Rf2 {[%emt 0:00:16]} Rg3 {[%emt 0:00:01]} 28. Qe2 {[%emt 0:
00:05]} Qxf6 {[%emt 0:00:08]} 29. Raf1 {[%emt 0:00:05]} Reg8 {[%emt 0:00:01]}
30. Bf3 {[%emt 0:00:06]} Rxh3+ {[%emt 0:00:02] Panosjoydome resigns  (Lag:
Av=1.10s, max=4.9s)} 0-1

[Event "Benidorm Satellite preliminary"]
[Site "playchess.com #007036"]
[Date "2009.10.24"]
[Round "6"]
[White "MischaT"]
[Black "High_me"]
[Result "0-1"]
[WhiteElo "2037"]
[BlackElo "2532"]
[PlyCount "44"]
[EventDate "2009.10.24"]
[EventType "swiss (blitz)"]

1. e4 {[%emt 0:00:05]} e5 {[%emt 0:00:01]} 2. Nf3 {[%emt 0:00:02]} Nc6 {[%emt
0:00:01]} 3. d4 {[%emt 0:00:01]} exd4 {[%emt 0:00:00]} 4. Bc4 {[%emt 0:00:02]}
Nf6 {[%emt 0:00:01]} 5. O-O {[%emt 0:00:05]} Nxe4 {[%emt 0:00:01]} 6. Re1 {
[%emt 0:00:01]} d5 {[%emt 0:00:00]} 7. Bxd5 {[%emt 0:00:06]} Qxd5 {[%emt 0:00:
00]} 8. Nc3 {[%emt 0:00:02]} Qa5 {[%emt 0:00:00]} 9. Nxe4 {[%emt 0:00:03]} Be6
{[%emt 0:00:01]} 10. Neg5 {[%emt 0:00:04]} O-O-O {[%emt 0:00:01]} 11. Nxe6 {
[%emt 0:00:01]} fxe6 {[%emt 0:00:00]} 12. Rxe6 {[%emt 0:00:02]} Bd6 {[%emt 0:
00:01]} 13. Qe1 {[%emt 0:00:11]} Qh5 {[%emt 0:00:31]} 14. h3 {[%emt 0:00:18]}
Rhf8 {[%emt 0:00:18]} 15. Bg5 {[%emt 0:00:08]} Rxf3 {[%emt 0:01:22]} 16. Bxd8 {
[%emt 0:00:06]} Rf7 {[%emt 0:00:01]} 17. Re8 {[%emt 0:00:14]} Nxd8 {[%emt 0:00:
02]} 18. Qe6+ {[%emt 0:00:05]} Rd7 {[%emt 0:00:01]} 19. Rxd8+ {[%emt 0:00:32]}
Kxd8 {[%emt 0:00:02]} 20. Re1 {[%emt 0:00:04]} Re7 {[%emt 0:00:10]} 21. Qg8+ {
[%emt 0:00:11]} Qe8 {[%emt 0:00:01]} 22. Qxe8+ {[%emt 0:00:11]} Kxe8 {[%emt 0:
00:01] MischaT gibt auf} 0-1

[Event "Benidorm Satellite preliminary"]
[Site "playchess.com #007036"]
[Date "2009.10.24"]
[Round "6"]
[White "Planescape"]
[Black "Franky Bono"]
[Result "0-1"]
[WhiteElo "1741"]
[BlackElo "2051"]
[PlyCount "70"]
[EventDate "2009.10.24"]
[EventType "swiss (blitz)"]

1. e4 {[%emt 0:00:03]} e5 {[%emt 0:00:01]} 2. Nc3 {[%emt 0:00:02]} Nc6 {[%emt
0:00:01]} 3. Bc4 {[%emt 0:00:01]} Bc5 {[%emt 0:00:02]} 4. d3 {[%emt 0:00:01]}
Nge7 {[%emt 0:00:02]} 5. f4 {[%emt 0:00:02]} d6 {[%emt 0:00:03]} 6. Nf3 {[%emt
0:00:03]} O-O {[%emt 0:00:06]} 7. Na4 {[%emt 0:00:01]} Bb6 {[%emt 0:00:07]} 8.
Nxb6 {[%emt 0:00:01]} axb6 {[%emt 0:00:00]} 9. f5 {[%emt 0:00:03]} d5 {[%emt 0:
00:05]} 10. exd5 {[%emt 0:00:07]} Nxd5 {[%emt 0:00:02]} 11. Bxd5 {[%emt 0:00:
01]} Qxd5 {[%emt 0:00:02]} 12. f6 {[%emt 0:00:00]} gxf6 {[%emt 0:00:01]} 13.
Bh6 {[%emt 0:00:06]} Re8 {[%emt 0:00:08]} 14. Qd2 {[%emt 0:00:03]} e4 {[%emt 0:
00:14]} 15. O-O {[%emt 0:00:40]} exf3 {[%emt 0:00:03]} 16. Rxf3 {[%emt 0:00:01]
} Bf5 {[%emt 0:00:09]} 17. Raf1 {[%emt 0:00:10]} Bg6 {[%emt 0:00:05]} 18. Rxf6
{[%emt 0:00:01]} Nd4 {[%emt 0:00:10]} 19. c3 {[%emt 0:00:07]} Re2 {[%emt 0:00:
03]} 20. Qg5 {[%emt 0:00:15]} Qxg5 {[%emt 0:00:06]} 21. Bxg5 {[%emt 0:00:01]}
Ne6 {[%emt 0:00:01]} 22. Bc1 {[%emt 0:00:10]} c5 {[%emt 0:00:11]} 23. a3 {
[%emt 0:00:12]} Rd8 {[%emt 0:00:02]} 24. d4 {[%emt 0:00:03]} cxd4 {[%emt 0:00:
03]} 25. cxd4 {[%emt 0:00:01]} Rxd4 {[%emt 0:00:03]} 26. Bh6 {[%emt 0:00:03]}
Rxb2 {[%emt 0:00:11]} 27. Rc1 {[%emt 0:00:02]} Rd8 {[%emt 0:00:03]} 28. Rf3 {
[%emt 0:00:11]} Rb5 {[%emt 0:00:11]} 29. Rfc3 {[%emt 0:00:04]} Rbd5 {[%emt 0:
00:03]} 30. h3 {[%emt 0:00:04]} Rd1+ {[%emt 0:00:03]} 31. Kh2 {[%emt 0:00:02]}
Rxc1 {[%emt 0:00:01]} 32. Rxc1 {[%emt 0:00:00]} f5 {[%emt 0:00:04]} 33. Rb1 {
[%emt 0:00:03]} Rd6 {[%emt 0:00:02]} 34. Re1 {[%emt 0:00:05]} Kf7 {[%emt 0:00:
01]} 35. Bg5 {[%emt 0:00:01]} Nxg5 {[%emt 0:00:02] Planescape gibt auf} 0-1

[Event "Benidorm Satellite preliminary"]
[Site "playchess.com #007036"]
[Date "2009.10.24"]
[Round "6"]
[White "Aref__gm"]
[Black "Hardrock"]
[Result "0-1"]
[WhiteElo "2327"]
[BlackElo "2587"]
[PlyCount "44"]
[EventDate "2009.10.24"]
[EventType "swiss (blitz)"]

1. e4 {[%emt 0:00:03]} e5 {[%emt 0:00:04]} 2. Nf3 {[%emt 0:00:01]} Nc6 {[%emt
0:00:00]} 3. Nc3 {[%emt 0:00:00]} Nf6 {[%emt 0:00:01]} 4. d4 {[%emt 0:00:01]}
exd4 {[%emt 0:00:02]} 5. Nxd4 {[%emt 0:00:00]} Bb4 {[%emt 0:00:01]} 6. Nxc6 {
[%emt 0:00:01]} bxc6 {[%emt 0:00:01]} 7. Bd3 {[%emt 0:00:00]} d5 {[%emt 0:00:
00]} 8. exd5 {[%emt 0:00:01]} cxd5 {[%emt 0:00:02]} 9. O-O {[%emt 0:00:00]} O-O
{[%emt 0:00:02]} 10. Bg5 {[%emt 0:00:00]} c6 {[%emt 0:00:03]} 11. Qf3 {[%emt 0:
00:01]} Rb8 {[%emt 0:00:11]} 12. Ne2 {[%emt 0:00:27]} Bg4 {[%emt 0:00:12]} 13.
Qg3 {[%emt 0:00:44]} Bxe2 {[%emt 0:00:13]} 14. Bxe2 {[%emt 0:00:04]} Bd6 {
[%emt 0:00:04]} 15. Qh4 {[%emt 0:00:10]} Rxb2 {[%emt 0:00:11]} 16. Bd3 {[%emt
0:00:17]} h6 {[%emt 0:00:10]} 17. Be3 {[%emt 0:00:05]} Re8 {[%emt 0:00:07]} 18.
Bxa7 {[%emt 0:00:09]} c5 {[%emt 0:00:10]} 19. Rfb1 {[%emt 0:00:15]} Rxb1+ {
[%emt 0:00:12]} 20. Rxb1 {[%emt 0:00:01]} Qa5 {[%emt 0:00:05]} 21. Bb6 {[%emt
0:00:41]} Qxa2 {[%emt 0:00:02]} 22. c4 {[%emt 0:00:09]} Qxb1+ {[%emt 0:00:09]
Aref__gm resigns} 0-1

[Event "Benidorm Satellite preliminary"]
[Site "playchess.com #007036"]
[Date "2009.10.24"]
[Round "6"]
[White "Chess_Lion"]
[Black "Juraldo"]
[Result "0-1"]
[WhiteElo "2266"]
[BlackElo "2650"]
[PlyCount "46"]
[EventDate "2009.10.24"]
[EventType "swiss (blitz)"]

1. e4 {[%emt 0:00:01]} e6 {[%emt 0:00:12]} 2. d4 {[%emt 0:00:01]} d5 {[%emt 0:
00:01]} 3. Nc3 {[%emt 0:00:01]} Bb4 {[%emt 0:00:01]} 4. e5 {[%emt 0:00:01]} Ne7
{[%emt 0:00:01]} 5. a3 {[%emt 0:00:04]} Bxc3+ {[%emt 0:00:01]} 6. bxc3 {[%emt
0:00:01]} c5 {[%emt 0:00:00]} 7. Qg4 {[%emt 0:00:01]} O-O {[%emt 0:00:05]} 8.
Nf3 {[%emt 0:00:01]} Nbc6 {[%emt 0:00:03]} 9. Bd3 {[%emt 0:00:07]} f5 {[%emt 0:
00:02]} 10. exf6 {[%emt 0:00:04]} Rxf6 {[%emt 0:00:03]} 11. Qg3 {[%emt 0:00:28]
} c4 {[%emt 0:00:04]} 12. Bg5 {[%emt 0:00:17]} Rf7 {[%emt 0:00:05]} 13. Be2 {
[%emt 0:00:11]} Qa5 {[%emt 0:00:12]} 14. Bd2 {[%emt 0:00:21]} Nf5 {[%emt 0:00:
02]} 15. Qh3 {[%emt 0:00:04]} h6 {[%emt 0:00:33]} 16. Qh5 {[%emt 0:00:12]} Nd6
{[%emt 0:00:06]} 17. O-O {[%emt 0:00:13]} Ne4 {[%emt 0:00:03]} 18. Be1 {[%emt
0:00:21]} Bd7 {[%emt 0:00:31]} 19. Ne5 {[%emt 0:00:03]} Nxe5 {[%emt 0:00:06]}
20. dxe5 {[%emt 0:00:14]} Rf5 {[%emt 0:00:06]} 21. Qg6 {[%emt 0:00:05]} Rg5 {
[%emt 0:00:05]} 22. Qxg5 {[%emt 0:00:09]} hxg5 {[%emt 0:00:11]} 23. f3 {[%emt
0:00:00]} Nxc3 {[%emt 0:00:02] Chess_Lion resigns} 0-1

[Event "Benidorm Satellite preliminary"]
[Site "playchess.com #007036"]
[Date "2009.10.24"]
[Round "6"]
[White "Retep1"]
[Black "Ferdi Sert"]
[Result "0-1"]
[WhiteElo "1689"]
[BlackElo "1847"]
[PlyCount "62"]
[EventDate "2009.10.24"]
[EventType "swiss (blitz)"]

1. d4 {[%emt 0:00:01]} Nf6 {[%emt 0:00:01]} 2. c4 {[%emt 0:00:05]} g6 {[%emt 0:
00:01]} 3. Nc3 {[%emt 0:00:06]} Bg7 {[%emt 0:00:01]} 4. e4 {[%emt 0:00:08]} d6
{[%emt 0:00:01]} 5. Nf3 {[%emt 0:00:06]} O-O {[%emt 0:00:02]} 6. Be2 {[%emt 0:
00:03]} e5 {[%emt 0:00:01]} 7. O-O {[%emt 0:00:04]} Nc6 {[%emt 0:00:01]} 8. d5
{[%emt 0:00:04]} Ne7 {[%emt 0:00:01]} 9. Ne1 {[%emt 0:00:04]} Ne8 {[%emt 0:00:
03]} 10. Be3 {[%emt 0:00:05]} f5 {[%emt 0:00:01]} 11. f3 {[%emt 0:00:04]} f4 {
[%emt 0:00:02]} 12. Bf2 {[%emt 0:00:02]} g5 {[%emt 0:00:01]} 13. c5 {[%emt 0:
00:04]} Ng6 {[%emt 0:00:01]} 14. a4 {[%emt 0:00:07]} Rf7 {[%emt 0:00:01]} 15.
cxd6 {[%emt 0:00:06]} cxd6 {[%emt 0:00:01]} 16. a5 {[%emt 0:00:04]} a6 {[%emt
0:00:01]} 17. Nd3 {[%emt 0:00:23]} Nf6 {[%emt 0:00:06]} 18. Qb3 {[%emt 0:00:08]
} Bf8 {[%emt 0:00:04]} 19. Na4 {[%emt 0:00:18]} g4 {[%emt 0:00:01]} 20. Nb6 {
[%emt 0:00:15]} gxf3 {[%emt 0:00:02]} 21. Bxf3 {[%emt 0:00:08]} Bd7 {[%emt 0:
00:21]} 22. Nxa8 {[%emt 0:00:04]} Qxa8 {[%emt 0:00:01]} 23. Qd1 {[%emt 0:00:10]
} Rg7 {[%emt 0:00:06]} 24. Rc1 {[%emt 0:00:08]} Be7 {[%emt 0:00:08]} 25. Qe2 {
[%emt 0:00:06]} Bd8 {[%emt 0:00:17]} 26. b4 {[%emt 0:00:06]} Bb5 {[%emt 0:00:
12]} 27. Qd2 {[%emt 0:00:11]} h5 {[%emt 0:00:04]} 28. Qd1 {[%emt 0:00:09]} Ng4
{[%emt 0:00:03]} 29. Bxg4 {[%emt 0:00:06]} hxg4 {[%emt 0:00:02]} 30. Qxg4 {
[%emt 0:00:03]} Bd7 {[%emt 0:00:19]} 31. Qg5 {[%emt 0:00:04]} Bxg5 {[%emt 0:00:
02] Retep1 gibt auf} 0-1

[Event "Benidorm Satellite preliminary"]
[Site "playchess.com #007036"]
[Date "2009.10.24"]
[Round "6"]
[White "huseyinist"]
[Black "Wun2"]
[Result "0-1"]
[WhiteElo "1464"]
[BlackElo "1847"]
[PlyCount "54"]
[EventDate "2009.10.24"]
[EventType "swiss (blitz)"]

1. e4 {[%emt 0:00:01]} e6 {[%emt 0:00:01]} 2. d4 {[%emt 0:00:02]} d5 {[%emt 0:
00:01]} 3. exd5 {[%emt 0:00:01]} exd5 {[%emt 0:00:01]} 4. Bd3 {[%emt 0:00:01]}
Bd6 {[%emt 0:00:02]} 5. h3 {[%emt 0:00:04]} Ne7 {[%emt 0:00:03]} 6. Nf3 {[%emt
0:00:00]} O-O {[%emt 0:00:06]} 7. O-O {[%emt 0:00:00]} Nbc6 {[%emt 0:00:02]} 8.
c3 {[%emt 0:00:02]} h6 {[%emt 0:00:03]} 9. Re1 {[%emt 0:00:01]} Be6 {[%emt 0:
00:02]} 10. Nbd2 {[%emt 0:00:01]} Qd7 {[%emt 0:00:02]} 11. Nf1 {[%emt 0:00:04]}
Rae8 {[%emt 0:00:27]} 12. Ne5 {[%emt 0:00:07]} Bxe5 {[%emt 0:00:03]} 13. dxe5 {
[%emt 0:00:03]} Ng6 {[%emt 0:00:04]} 14. Bxg6 {[%emt 0:00:09]} fxg6 {[%emt 0:
00:01]} 15. f4 {[%emt 0:00:01]} Rf7 {[%emt 0:00:17]} 16. Be3 {[%emt 0:00:16]}
b6 {[%emt 0:00:04]} 17. g4 {[%emt 0:00:10]} Ref8 {[%emt 0:00:05]} 18. Ng3 {
[%emt 0:00:08]} Ne7 {[%emt 0:00:06]} 19. Rf1 {[%emt 0:00:06]} h5 {[%emt 0:00:
17]} 20. g5 {[%emt 0:01:05]} Bxh3 {[%emt 0:00:04]} 21. Rf2 {[%emt 0:00:03]} Bg4
{[%emt 0:00:05]} 22. Qd2 {[%emt 0:00:04]} c5 {[%emt 0:00:06]} 23. b3 {[%emt 0:
00:05]} Nc6 {[%emt 0:00:09]} 24. Re1 {[%emt 0:00:07]} d4 {[%emt 0:00:06]} 25.
cxd4 {[%emt 0:00:16]} cxd4 {[%emt 0:00:00]} 26. Bxd4 {[%emt 0:00:16]} Qxd4 {
[%emt 0:00:10]} 27. Qc1 {[%emt 0:00:06]} Rxf4 {[%emt 0:00:03] huseyinist Terk}
0-1